| 000 | 00913cab a22002535a 4500 | ||
|---|---|---|---|
| 001 | L146581 | ||
| 008 | 090205s2004 xxk f v 000 0 eng d | ||
| 035 | _a(Sirsi) u146581 | ||
| 041 | 0 | _aeng | |
| 100 | 1 | _aHopkins, Phillip | |
| 245 | 0 | 0 | _aHoliday letting |
| 260 | _c2004 | ||
| 490 | 4 |
_aThe Letting Update Journal _v12(3) October 2004 |
|
| 520 | _aExplains the statutory rules for dealing with tenants undertaking holiday lettings and working holidays. Defines 'holiday letting' and holiday and comments briefly on out of season lets of holiday properties. | ||
| 650 | 2 | 4 | _aHOUSING ACT 1988 |
| 650 | 2 | 4 | _aRENT ACT 1977 |
| 650 | 2 | 4 | _aBUCHMANN V MAY |
| 650 | 2 | 4 | _aR V RENT OFFICER FOR CAMDEN LBC EX PARTE PLANT |
| 650 | 2 | 4 | _aFRANKE V HAKMI |
| 650 | 2 | 4 | _aEVICTION ACT 1977 |
| 651 | 4 |
_aEngland and Wales _y1543- |
|
| 690 | _aPROPERTY-RESIDENTIAL PROPERTY-RESIDENTIAL LANDLORD AND TENANT | ||
| 942 | _n0 | ||
| 999 |
_c81191 _d81191 |
||